Komplexná obnova bytových domov 2012 : VI. medzinárodná odborná konferencia: Legislatíva, financovanie, architektúra, materiály a technológie pre KOBD. Podbanské 20.-22.11.2012

Salvato in:
Dettagli Bibliografici
Altri autori: Petráš, Dušan, 1956- (Revisore), Špirková, Daniela, 1961- (Revisore), Mozgay, Vojtech (Revisore), Bacová, Andrea, 1962- (Revisore)
Natura: Libro
Lingua:slovacco
Pubblicazione: Martin : Združenie pre podporu obnovy bytových domov, 2012
Edizione:1. vydanie
Soggetti:
Tags: Aggiungi Tag
Nessun Tag, puoi essere il primo ad aggiungerne!!

MARC

LEADER 00000nam a22000003a 4500
001 stu257906
005 20181210082959.0
008 121123s2012------------------------slo-d
020 |a 978-80-227-3833-0 
040 |a STU  |b slo 
041 0 |a slo 
100 1 |a Petráš, Dušan,  |d 1956-  |4 rev  |u V290  |U SvF Stavebná fakulta  |T SvF Katedra technických zariadení budov  |X 749  |U V290  |Y 31  |7 A000000749 
242 |a Comprehensive restoration of residential buildings 2012 
245 1 |a Komplexná obnova bytových domov 2012 :  |b VI. medzinárodná odborná konferencia: Legislatíva, financovanie, architektúra, materiály a technológie pre KOBD. Podbanské 20.-22.11.2012 
250 |a 1. vydanie 
260 |a Martin :  |b Združenie pre podporu obnovy bytových domov,  |c 2012 
300 |a 221 s 
650 7 |a bytové domy  |2 stusub 
650 7 |a obnova bytových domov  |2 stusub 
700 1 |a Špirková, Daniela,  |d 1961-  |4 rev  |u R2020  |U Ostatné univerzitné pracoviská  |T Ústav manažmentu STU  |X 648  |U R2020  |Y 232  |7 A000000648 
700 1 |a Mozgay, Vojtech  |4 rev 
700 1 |a Bacová, Andrea,  |d 1962-  |4 rev  |u A1110  |U FAD Fakulta architektúry  |T FA Ústav architektúry obytných budov  |X 354  |U A1110  |Y 392  |7 A000000354 
996 |b 284AU05663  |c A*8456 U  |l AAKNAR  |s A  |a 24  |w stu257906_0001